Normal view
MARC view
- Rothschild, Joseph
Entry Personal Name
001 - CONTROL NUMBER
- control field: 26095
003 - CONTROL NUMBER IDENTIFIER
- control field: OSt
005 - DATE AND TIME OF LATEST TRANSACTION
- control field: 20180205225048.0
008 - FIXED-LENGTH DATA ELEMENTS
- fixed length control field: 180205|| aca||aabn | a|a d
040 ## - CATALOGING SOURCE
- Original cataloging agency: OSt
100 ## - HEADING--PERSONAL NAME
- Personal name: Rothschild, Joseph
